00337nam a2200121Ia 4500008004100000041000800041082001700049100004400066245004500110260002300155300003000178365000700208240624s9999 xx 000 0 und d aeng a332.6327 IND aINDIAN INSTITUTE OF BANKING AND FINANCE aMUTUAL FUND INDUSTRY PRODUCTS AND SERVIC aNew DelhibTaxmann axvi, : 212 : p. : cm ; 24 cRS